UK Restaurant Chains - Statistics

General Stats
  • This quiz has been taken 54 times
  • The average score is 7 of 16
Answer Stats
Picture Answer % Correct
Greggs
89%
Wagamama
79%
Pret A Manger
68%
Costa Coffee
66%
Harvester
62%
Pizza Express
60%
Frankie and Benny's
51%
Toby Carvery
38%
Wetherspoons
38%
Chiquito
28%
Chopstix
26%
Zizzi
26%
Black Sheep Coffee
21%
Hungry Horse
21%
Ben's Cookies
13%
Barburrito
4%
No matching quizzes found
Score Distribution
Percent of People with Each Score
Percentile by Number Answered
Your Score History
You have not taken this quiz